|
|
|
|
| LEADER |
01199nam a22003137a 4500 |
| 001 |
30191 |
| 003 |
BD-DhAAL |
| 005 |
20151025131520.0 |
| 008 |
151021s1996 bg a|||| |||| 00| 0 eng d |
| 040 |
|
|
|a BD-DhAAL
|c BD-DhAAL
|
| 082 |
|
|
|2 22
|a 307.1412095492
|
| 999 |
|
|
|c 35909
|d 35909
|
| 999 |
|
|
|c 35869
|
| 999 |
|
|
|c 35868
|
| 999 |
|
|
|c 35864
|
| 999 |
|
|
|c 35863
|
| 100 |
|
|
|9 15609
|
| 245 |
|
|
|a Studies on the inputs of BRAC in Matlab :
|b sanitary latrines, training, monthly meetings, legal awareness and credit, working paper no. 15
|
| 260 |
|
|
|a Dhaka :
|b BRAC-ICDDR,B joint research project, BRAC,
|c 1996
|
| 300 |
|
|
|a 70 p. :
|b ill. ;
|c 28 cm.
|
| 541 |
|
|
|e 30191
|
| 610 |
|
|
|a BRAC
|9 15610
|
| 650 |
|
|
|a Rural Development
|z Bangladesh
|9 15611
|
| 700 |
|
|
|9 15612
|
| 710 |
|
|
|a BRAC
|9 15610
|
| 852 |
|
|
|a Ayesha Abed Library
|c BRAC Resource Section
|
| 942 |
|
|
|2 ddc
|c BK
|
| 952 |
|
|
|0 0
|1 0
|2 ddc
|4 0
|6 307_141209549200000_STU
|7 0
|9 56426
|a BRACUL
|b BRACUL
|c BRS
|d 2015-10-25
|e BRAC
|l 0
|o 307.1412095492 STU
|p 3010030191
|r 2015-10-25
|t 1
|w 2015-10-25
|y BK
|
| 952 |
|
|
|0 0
|1 0
|2 ddc
|4 0
|6 307_141209549200000_STU
|7 0
|9 56427
|a BRACUL
|b BRACUL
|c BRS
|d 2015-10-25
|e BRAC
|l 0
|o 307.1412095492 STU
|p 3010030192
|r 2015-10-25
|t 2
|w 2015-10-25
|y BK
|